| 000 | 00707nam a22002057a 4500 | ||
|---|---|---|---|
| 005 | 20250120143854.0 | ||
| 010 | _aENG-143458 | ||
| 020 |
_c795.00 _a978818483004 |
||
| 035 | _aEN-126990 | ||
| 037 | _bDBAD | ||
| 082 | _a338.476 870 954 | ||
| 100 |
_aKular , Dr Simran kaur _976767 |
||
| 245 |
_aEmpirical intra-industry trade analyis of india / _cKular , Dr Simran kaur |
||
| 260 |
_bArun Publishing house _c2021 _aChandigarh |
||
| 270 |
_aSCO 49-51, sector 17 c, _bChandigarh _e160017 |
||
| 300 |
_a115 p. _c24 cm (pbk) |
||
| 500 | _aEmpirical intra-industry trade analyis of india | ||
| 700 |
_a Dr Simran kaur Kular _976737 |
||
| 942 |
_2ddc _cEN _h338.476 870 954 _mKul |
||
| 999 |
_c208609 _d208609 |
||